000 00976nam a2200277 a 4500
001 000014226
005 20200929163529.0
008 091207s2000 sp 000 f spa d
020 _a8466301496
040 _aDO-SdBNP
_bspa
_cBNPHU
041 1 7 _aspa
_hfre
_2Código de idioma MARC
082 _a843.34
_bY81a
100 1 _aYourcenar, Marguerite,
_d1903-1987
_913307
240 1 0 _aAlexis : ou le traité du vain combat.
_lEspañol
245 1 0 _aAlexis :
_bo el tratado del inútil combate /
_cMarguerite Yourcenar ; traducción de Emma Calatayud.
260 _a[Madrid] :
_bSuma de Letras,
_c2000.
300 _a165 p. ;
_c18 cm.
490 1 _aPunto de lectura
_v51/1
534 _pTítulo original en francés:
_tAlexis : ou le traité du vain combat
_cGallimard, 1971
650 4 _aNovela francesa
_91075
650 4 _aLiteratura francesa
_91074
700 1 _aCalatayud, Emma,
_etr.
_913358
830 0 _aPunto de lectura ;
_v51/1
_93047
910 _aWM
049 _aBNGR
999 _c13825
_d13825